Quizzes
Events
Quiz Creation
Community
Videos
Private Events
Remove Ads
Sign In
Join for FREE
Feedback
Dark Mode
Quiz Categories
Sports
Geography
Music
Movies
Television
Just For Fun
Miscellaneous
History
Literature
Language
Science
Gaming
Entertainment
Religion
Holiday
For Kids
Quiz Lab
Recent
Popular Today
Quiz Kudos Today
Editor Picks
Curator Picks
Quizzes by...
Day
Popularity
Type
Ratings
Length
Year
Community
Subscriptions
Recent Discussions
Orange Saloon
Badges
Playlists
Quests
Create
Leaderboards
Showdown
Live 5
Trivia Bingo
Activity
Puzzle Library
Sporcle Events
Private Events
Virtual Trivia
Globe League
Become a Host
Pub Owners
SporcleCon
Opinionation
Our Games
Videos
Blog
Mobile Apps
Partnerships
Remove Ads and Go Orange
Feedback
Music
Pop Music
The Beatles
Song
Album
Lyrics
Bands
Singers
Artist
Clip
Rock
Rap
Classical
Billboard
Country Music
Kpop
Taylor Swift
Music
Pop Music
The Beatles
Song
Album
Lyrics
Bands
Singers
Artist
Clip
Rock
Rap
Classical
Billboard
Country Music
Kpop
Taylor Swift
Random Quiz
Search Sporcle
×
Quiz Lab
Quiz Lab
Music
Lyrics
Type in answers that appear in a list
Type in answers that appear in a list
Classic
Best Score? Go Orange.
CLOSING TIME (LYRICS) Stats
Can you name the CLOSING TIME LYRICS?
By
Moise
5m
156 Questions
425 Plays
425 Plays
425 Plays
Comments
Comments
Give Quiz Kudos
Give Quiz Kudos
-
- Ratings
hide this ad
Replay
Link that replays current quiz
Next Quiz
Link to next quiz in quiz playlist
You Got
0%
They Got
Avg Score
83%
Avg Friend Score
Upgrade to see
Score Distribution
Jump to the score distribution portion of the page
Score
0/156
Timer
05:00
0
Plays Today
% Correct
Closing
99.8%
time
99.8%
time
99.8%
closing
99.8%
time
99.8%
closing
99.8%
time
99.8%
closing
99.8%
time
99.8%
Closing
99.8%
time
99.8%
time
99.8%
Closing
99.8%
time
99.8%
Closing
99.8%
time
99.8%
you
96%
to
96%
you
96%
to
96%
you
96%
to
96%
to
96%
to
96%
to
96%
you
96%
to
96%
to
96%
you
96%
to
96%
you
96%
to
96%
I
94.8%
i
94.8%
i
94.8%
i
94.8%
i
94.8%
i
94.8%
i
94.8%
i
94.8%
I
94.8%
I
94.8%
I
94.8%
a
94.6%
go
94.4%
go
94.4%
go
94.4%
for
93.9%
for
93.9%
for
93.9%
home
93.2%
home
93.2%
% Correct
home
93.2%
home
93.2%
home
93.2%
home
93.2%
home
93.2%
home
93.2%
the
92%
the
92%
the
92%
the
92%
me
91.1%
me
91.1%
me
91.1%
me
91.1%
me
91.1%
me
91.1%
take
90.8%
take
90.8%
take
90.8%
take
90.8%
take
90.8%
take
90.8%
and
90.6%
and
90.6%
and
90.6%
want
90.4%
want
90.4%
want
90.4%
want
90.4%
want
90.4%
be
90.1%
be
90.1%
know
89.9%
know
89.9%
know
89.9%
know
89.9%
know
89.9%
who
89.6%
who
89.6%
who
89.6%
who
89.6%
who
89.6%
your
87.1%
your
87.1%
your
87.1%
your
87.1%
out
85.9%
out
85.9%
so
84.7%
so
84.7%
have
83.1%
here
83.1%
% Correct
have
83.1%
can't
82.8%
but
82.1%
stay
81.9%
from
80%
from
80%
don't
79.1%
beer
76.7%
places
76.2%
whiskey
76%
finish
75.1%
call
74.6%
last
74.1%
one
73.6%
alcohol
72.5%
will
72.2%
every
71.1%
every
71.1%
every
71.1%
up
67.8%
up
67.8%
come
66.1%
into
65.9%
end
65.9%
beginning
65.2%
world
64.9%
some
63.8%
new
63.3%
or
62.8%
other
61.6%
friend
61.2%
beginnings
60.9%
comes
60.7%
boy
59.3%
girl
59.3%
found
58.8%
hope
58.6%
it
56.7%
gather
55.5%
open
54.4%
move
53.9%
jackets
53.6%
brothers
51.3%
sisters
51.3%
exits
51.1%
turn
49.4%
lights
48.5%
this
46.1%
won't
43.5%
over
42.6%
til
40.9%
room
35.5%
Quiz Playlist
Details
Report
Send in Message
Add To Playlist
Classic:
Type in answers that appear in a list
Last Updated: Jul 24, 2017
Quiz Scoreboard
CHALLENGE
Sign Up to Join the Scoreboard
Show All
Scores
Hide
Comments
May contain spoilers
Recently Published
Movies - When Are They Set?
by FPL_Elf
Movies
5m
Popular People in 1961
by mucciniale
History
6m
1-10 Letter E Words III
by El_Dandy
Language
2m
More to Explore
Quiz From the Vault
Featured Blog Post
Where Did the Easter Bunny Come From?
hide this ad
You Might Also Like...
Tags
Lyrics Quiz
Closing
Today's Top Quizzes in Music
Browse Music
hide this ad
Today's Top Quizzes in Lyrics
Browse Lyrics
Top Contributed Quizzes in Music
1
Taylor Swift All Songs (2024)
2
2010s Album by Cover III
3
One Thing in Common: Music
4
Taylor Swift Logic Puzzle
5
Guess the Artist- 70s Songs
6
2010s Album by Cover IV
7
Guess the Taylor Swift song (Mystery Song)
8
2010s Album by Cover V
9
Lana Del Rey Discography (BTD to DYKTTATUOB)
10
2010s Album by Cover VI
Explore More
Trending Topics
Anime
NBA
Kpop
Harry Potter
Crossword
Disney
Marvel
Pokémon
NFL
Puzzle
WWE
The Office
Country
Song
Soccer
hide this ad
More By:
Moise
Quiz
Plays
Rating
Category
Featured
Created
Movies Bunker
2,234,536
3.69
Movies
Jun 6, 2011
NBA 30,000 Point Club
78,826
4.41
Sports
Dec 5, 2012
The 5 most valuable NBA franchises are...
25,311
1.38
Sports
Jan 25, 2013
NBA Starting 5 All - stats teams
12,470
3.91
Sports
Jan 2, 2014
10 most attacked/destroyed cities in Movie History.
9,503
2.47
Movies
Apr 11, 2011
Go to Creator's Profile
Score Distribution
Quiz Creator Spotlight
Moise
Follow
Send a Message
Quizzes Created
-
Created Quiz Play Count
-
More By This Creator
Popular Quizzes Today
1
Find the US States - No Outlines Minefield
2
Find the Countries of Europe - No Outlines Minefield
3
The Countries of the World
4
Popular People in 1961
5
1-10 Letter E Words III
6
US States
7
Find the US States
8
One Thing in Common: World Cities II
More Music Quizzes
Top 30 Female Rock Singers of All Time
Curator's Pick
Trending Quizzes
Risky Map Clicking: Least Populous States A-Z
1-10 Letter F Words
1-10 Letter G Words
One Thing in Common: United Kingdom
Risky Map Clicking: Next State Alphabetically
Recently Updated
Leaping Animals
pecheneg
Reality TV Shows (A-Z)
bhenderson79
Rickey Henderson's Hall of Fame Teammates
pecheneg
Champions League XIs: Arsenal
pecheneg
Quick Pick: Celebrities in WWE's Hall of Fame
aduchscher
A-Z Keypad Blitz II
pecheneg
Multiple Oscar Actors
pecheneg
Mystery Phrase Blitz: Oscar 'Best Actors'
pecheneg
F. Scott Fitzgerald Novels
LTH
Pick 3 Villains
ddd62291
Trending Topics
NBA
Harry Potter
Disney
Kpop
Anime
Crossword
Marvel
NFL
Soccer
Country
Puzzle
The Office
Pokémon
WWE
Song
Your Account Isn't Verified!
In order to create a playlist on Sporcle, you need to verify the email address you used during registration. Go to your
Sporcle Settings
to finish the process.
Report this User
Report this user for behavior that violates our
Community Guidelines
.
Details:
Send Report
Go to the Sporcle.com Mobile Site →
Comments